000 00499nas a22001697a 4500
008 210325b th ||||| |||| 00| 0 tha d
022 _a08597871
041 0 _atha
245 1 0 _aตลาดหลักทรัพย์
260 3 _bตลาดหลักทรัพย์แห่งประเทศไทย
310 _aรายเดือน
850 _aNALT
942 _cJNR
997 _c49776
999 _c89776
_d89776